| 000 | 01690nam a22001457a 4500 | ||
|---|---|---|---|
| 999 |
_c529845 _d529845 |
||
| 008 | 250509b ||||| |||| 00| 0 eng d | ||
| 100 |
_aLin, Ou _952953 |
||
| 245 | _aThe lesser of two evils? Explaining Chinese rural migrant workers’ preference for on-demand food delivery work with reference to the legal framework | ||
| 260 | _aSocial & Legal Studies | ||
| 300 | _a34(1), Feb, 2025: p.3-21 | ||
| 520 | _aDrawing on a series of interviews with on-demand food delivery riders, who are rural migrant workers, this paper seeks to explain the workers’ decision to give up stable jobs in factories in favour of largely unregulated and precarious on-demand work. Focusing on those aspects of the legal framework which shape workers’ decisions, it presents the explanation under the dual banners of ‘income’ and ‘freedom and flexibility’. In terms of income, Chinese law often enables low factory wages and a reliance on overtime; migrant workers view social insurance contributions as a loss; issues with payroll and wage arrears are significant. In terms of freedom and flexibility, insufficient rest rights lead to inadequate breaks for assembly line workers and, compounded by unspecified ‘special working time’ permit physically unbearable shifts without extra compensation. Age and gender discrimination are prevalent both in factories and various sectors. In contrast, on-demand delivery work has relatively low barriers to entry.- Reproduced https://journals.sagepub.com/doi/full/10.1177/09646639241247292 | ||
| 650 |
_aOn-demand work, Migrant works, Labour law, Income, Freedom and flexibility. _952954 |
||
| 773 | _aSocial & Legal Studies | ||
| 942 | _cAR | ||